| 000 | 00705nam a2200241 i 4500 | ||
|---|---|---|---|
| 001 | C2-0244339 | ||
| 003 | PPAK | ||
| 005 | 20180727205622.0 | ||
| 008 | 021126s2001 my a|||| ||||| | may d | ||
| 040 |
_aPPAK _beng _cPPAK _erda |
||
| 082 | 0 | 4 |
_a371.10092 _223 |
| 090 | 0 | 0 |
_a371.10092 _bMOH _dKK |
| 100 | 0 |
_aMohamad Muzammil Mohammad Noor, _eauthor |
|
| 245 | 1 | 0 | _aPerjuangan Guru Melayu Dalam Politik di Kedah 1940-1960 |
| 264 | 1 |
_aPulau Pinang : _bInstitut Pengajian Siswazah , _c2001 |
|
| 300 |
_a42 pages : _billustrations ; _c30 cm |
||
| 336 |
_2rdacontent _atext |
||
| 337 |
_2rdamedia _aunmediated |
||
| 338 |
_2rdacarrier _avolume |
||
| 500 | _aTesis | ||
| 650 | 1 | 0 | _aTeachers |
| 942 |
_ddc _cB |
||
| 999 |
_c58564 _d58564 |
||